| 000 | 00000cam 2200000zi 4500 |
| 001 | 9.932165 |
| 003 | CaOODSP |
| 005 | 20260504133321 |
| 006 | m o d f |
| 007 | cr cn||||||||| |
| 008 | 240108t20242024onca o f000 0 eng d |
| 020 | |a9780660695150 |
| 040 | |aCaOODSP|beng|erda|cCaOODSP |
| 043 | |an-cn--- |
| 086 | 1 |aHP45-34/2024E-PDF |
| 245 | 00|aRoles and responsibilities of individuals associated to a pathogen and toxin licence. |
| 264 | 1|a[Ottawa] : |bPublic Health Agency of Canada = Agence de la santé publique du Canada, |c[2024] |
| 264 | 4|c©2024 |
| 300 | |a1 online resource (8 pages) : |billustrations |
| 336 | |atext|btxt|2rdacontent |
| 337 | |acomputer|bc|2rdamedia |
| 338 | |aonline resource|bcr|2rdacarrier |
| 500 | |aIssued also in French under title: Rôles et responsabilités des individus associés à un permis d'agent pathogène et de toxine. |
| 520 | |a"This document has been developed by the Public Health Agency of Canada’s Centre for Biosecurity as a guide to clarify the roles and responsibilities of individuals associated to a Pathogen and Toxin Licence issued under section 18 of the Human Pathogens and Toxins Act or under section 160 of the Health of Animals Regulations"--page 1. |
| 650 | 0|aBiosecurity|xStandards|zCanada. |
| 650 | 0|aBiosecurity|xLicenses|zCanada. |
| 710 | 2 |aPublic Health Agency of Canada, |eissuing body. |
| 775 | 08|tRôles et responsabilités des individus associés à un permis d'agent pathogène et de toxine.|w(CaOODSP)9.932166 |
| 856 | 40|qPDF|s845 KB|uhttps://publications.gc.ca/collections/collection_2024/aspc-phac/HP45-34-2024-eng.pdf |
| 986 | |a230669 |